Artifical Intelligence and Law: Challenges Demystified (Record no. 1312617)

MARC details
000 -LEADER
fixed length control field 00594nam a2200217Ia 4500
005 - DATE AND TIME OF LATEST TRANSACTION
control field 20250506172914.0
008 - FIXED-LENGTH DATA ELEMENTS--GENERAL INFORMATION
fixed length control field 008 250505s9999 xx 000 0 eng d
020 ## - INTERNATIONAL STANDARD BOOK NUMBER
International Standard Book Number 9789393850096
037 ## - SOURCE OF ACQUISITION
Stock number TB
040 ## - CATALOGING SOURCE
Original cataloging agency ILCL
Language of cataloging eng
Transcribing agency ILCL
041 ## - LANGUAGE CODE
Language code of text/sound track or separate title eng
Source of code eng
082 ## - DEWEY DECIMAL CLASSIFICATION NUMBER
Assigning agency ILCL
100 ## - MAIN ENTRY--PERSONAL NAME
Personal name Ryder, Rodney D
245 #0 - TITLE STATEMENT
Title Artifical Intelligence and Law: Challenges Demystified
260 ## - PUBLICATION, DISTRIBUTION, ETC.
Place of publication, distribution, etc. Delhi
Name of publisher, distributor, etc. Law and Justice Publishing Company
Date of publication, distribution, etc. 2022
300 ## - PHYSICAL DESCRIPTION
Extent xxxiv,171p.
365 ## - TRADE PRICE
Price type code INR
700 ## - ADDED ENTRY--PERSONAL NAME
Personal name Naren, Nikhil
9 (RLIN) 754737
942 ## - ADDED ENTRY ELEMENTS (KOHA)
Koha item type Textbook
Source of classification or shelving scheme
Holdings
Withdrawn status Lost status Damaged status Not for loan Home library Current library Date acquired Source of acquisition Cost, normal purchase price Inventory number Total Checkouts Barcode Date last seen Date last checked out Price effective from Koha item type
        Integrated Law Course library Integrated Law Course library   Singhal Publications 595.00 2535 dt.26-06-2024 1 IL1863777 2026-04-27 2026-04-20 2025-05-06 Textbook
Copyright @ Delhi University Library System